000 00493nam a22001817a 4500
003 CEME
005 20210628202558.0
008 210122b xxu||||| |||| 00| 0 eng d
020 _a81-88719-16-1
040 _c.
082 _a515.35 BAN
100 _aBanerji, P.K Chaurasia, V.B.L Goyal, M.C
_960574
245 _aDifferential equations part - ii
260 _aNEW DELHI
_bINDUS VALLEY PUBLICATIONS
_c2004
300 _a345 P
650 _aDIFFERENTIAL EQUATIONS
_9688
942 _cBK
_2ddc
999 _c570270
_d570270